Normal view
MARC view
- ماكبي، هيم ؛ ترجمة: سميرة عزمي الزين
Entry Personal Name
001 - CONTROL NUMBER
- control field: 56449
003 - CONTROL NUMBER IDENTIFIER
- control field: JO-AjAnu
005 - DATE AND TIME OF LATEST TRANSACTION
- control field: 20230606083242.0
008 - FIXED-LENGTH DATA ELEMENTS
- fixed length control field: 230606|| aca||aabn | a|a d
040 ## - CATALOGING SOURCE
- Original cataloging agency: JO-AjAnu
- Transcribing agency: JO-AjAnu
100 ## - HEADING--PERSONAL NAME
- Personal name: ماكبي، هيم ؛ ترجمة: سميرة عزمي الزين
670 ## - SOURCE DATA FOUND
- Source citation: Work cat.: (JO-AjAnu)28805: ماكبي، هيم ؛ ترجمة: سميرة عزمي الزين, author, بولس وتحريف المسيحية